[Event "Bangkok Cha Am op 19th"]
[Site "Bangkok"]
[Date "2019.04.06"]
[Round "1"]
[White "Roy, Prantik"]
[Black "Clark, Domenic"]
[Result "1-0"]
[WhiteElo "2374"]
[BlackElo "1751"]
[PlyCount "77"]
[EventDate "2019.04.06"]
[EventType "swiss"]
[EventRounds "9"]
[EventCountry "THA"]
[SourceTitle "CBM 189 Extra"]
[Source "ChessBase"]
[SourceDate "2019.06.03"]
[SourceVersion "1"]
[SourceVersionDate "2019.06.03"]
[SourceQuality "1"]

1. c4 c6 2. Nf3 d5 3. e3 Nf6 4. Nc3 Bf5 5. cxd5 cxd5 6. Qb3 Nc6 7. Qxb7 Bd7 8. Nb5 Rc8 9. Nxa7 Na5 10. Qa6 Rc7 11. Ne5 e6 12. Nxd7 Nxd7 13. Qxa5 Rxc1+ 14. Rxc1 Qxa5 15. Rc8+ Qd8 16. Rxd8+ Kxd8 17. Nb5 Nb6 18. Be2 Kd7 19. 0-0 Be7 20. Rc1 Rc8 21. Rxc8 Nxc8 22. d4 Nd6 23. Kf1 Kc6 24. Nxd6 Bxd6 25. Bd3 h6 26. Ke2 Bb4 27. Kd1 Bd6 28. g3 Kb6 29. a3 e5 30. Kc2 exd4 31. exd4 Be7 32. b4 Bf6 33. Kc3 Bg5 34. a4 Be7 35. Bh7 f6 36. Bg8 Kc6 37. b5+ Kd6 38. a5 Bd8 39. Kb4 1-0

[Event "Tokyo City-ch"]
[Site "Tokyo"]
[Date "2019.03.23"]
[Round "3"]
[White "Clark, Domenic"]
[Black "Osaka, Takuma"]
[Result "0-1"]
[WhiteElo "1714"]
[BlackElo "2090"]
[PlyCount "84"]
[EventDate "2019.03.23"]
[EventType "swiss"]
[EventRounds "6"]
[EventCountry "JPN"]
[SourceTitle "CBM 190 Extra"]
[Source "ChessBase"]
[SourceDate "2019.07.15"]
[SourceVersion "1"]
[SourceVersionDate "2019.07.15"]
[SourceQuality "1"]

1. e4 c5 2. Nf3 d6 3. d4 cxd4 4. Nxd4 Nf6 5. Nc3 a6 6. Be3 e5 7. Nb3 Be6 8. f3 h5 9. Qd2 Nbd7 10. 0-0-0 Qc7 11. h3 b5 12. Be2 h4 13. Kb1 Nb6 14. Bd3 Be7 15. f4 b4 16. Ne2 Nc4 17. Qc1 a5 18. f5 Bd7 19. Bf2 a4 20. Nd2 Na5 21. g4 hxg3 22. Nxg3 Rb8 23. Ka1 Nh5 24. Nxh5 Rxh5 25. h4 Bf6 26. Rdg1 Bc6 27. Qd1 Rh8 28. h5 Ke7 29. Be3 Bb5 30. Qe2 Bxd3 31. Qxd3 Rhc8 32. Rc1 Ra8 33. h6 gxh6 34. Rxh6 b3 35. a3 bxc2 36. Rh2 Rab8 37. Rg2 Nb3+ 38. Nxb3 axb3 39. Bd2 Qc4 40. Rg3 Qa4 41. Bc3 Rc4 42. Rg4 Rbc8 0-1

[Event "JPN-ch"]
[Site "Tokyo"]
[Date "2018.05.02"]
[Round "8"]
[White "Clark, Domenic"]
[Black "Kimura, Ryota"]
[Result "0-1"]
[WhiteElo "1843"]
[BlackElo "1677"]
[PlyCount "84"]
[EventDate "2018.04.29"]
[EventType "swiss"]
[EventRounds "11"]
[EventCountry "JPN"]
[SourceTitle "CBM 184 Extra"]
[Source "ChessBase"]
[SourceDate "2018.06.28"]
[SourceVersion "1"]
[SourceVersionDate "2018.06.28"]
[SourceQuality "1"]

1. e4 e5 2. Nf3 Nc6 3. d4 exd4 4. Nxd4 Nf6 5. Nxc6 bxc6 6. e5 Nd5 7. c4 Nb6 8. Nc3 Be7 9. Qg4 g6 10. Qd4 c5 11. Qe4 Rb8 12. Bh6 Bg5 13. Bg7 Bb7 14. Nd5 Nxd5 15. cxd5 Rg8 16. Bf6 Bxf6 17. exf6+ Kf8 18. Qh4 h5 19. Qg5 Rh8 20. Bd3 Qe8+ 21. Kd2 Ba6 22. Bxa6 Rxb2+ 23. Kc3 Qb8 24. Qf4 c4 25. Qxc4 Qb6 26. Rhe1 Qxf2 27. Re2 Rxe2 28. Qb4+ Kg8 29. Bxe2 Qxe2 30. Qe7 Qxe7 31. fxe7 Kg7 32. Rb1 Re8 33. Rb7 Rxe7 34. Rxc7 Re2 35. a4 Rxg2 36. Rxd7 Rxh2 37. d6 Rh1 38. Kd2 Rh4 39. a5 a6 40. Ke3 Ra4 41. Rd8 Rxa5 42. Ke4 Ra1 0-1

[Event "Doeberl Cup 42nd"]
[Site "Canberra"]
[Date "2004.04.11"]
[Round "5"]
[White "Clark, Domenic"]
[Black "Tulevski, Vasil"]
[Result "1/2-1/2"]
[WhiteElo "1729"]
[BlackElo "1861"]
[PlyCount "58"]
[EventDate "2004.04.09"]
[EventType "swiss"]
[EventRounds "7"]
[EventCountry "AUS"]
[SourceTitle "EXT 2005"]
[Source "ChessBase"]
[SourceDate "2004.11.15"]
[SourceVersion "1"]
[SourceVersionDate "2004.11.15"]
[SourceQuality "1"]

1. c4 Nf6 2. g3 e6 3. Bg2 d5 4. d4 dxc4 5. Qa4+ Bd7 6. Qxc4 Bc6 7. Nf3 Nbd7 8. Nbd2 Nb6 9. Qc2 Bb4 10. 0-0 Bxd2 11. Bxd2 Be4 12. Qc5 Qd5 13. Bb4 Qxc5 14. Bxc5 Nc4 15. b3 Nd6 16. Rac1 Nd5 17. Ne5 Bxg2 18. Kxg2 f6 19. Nd3 Kd7 20. Bxd6 cxd6 21. e4 Ne7 22. Rc4 Rac8 23. Rfc1 Rxc4 24. Rxc4 Rc8 25. Rxc8 Kxc8 26. f4 Nc6 27. d5 exd5 28. exd5 Ne7 29. Kf3 Nxd5 1/2-1/2

[Event "Doeberl Cup 42nd"]
[Site "Canberra"]
[Date "2004.04.10"]
[Round "3"]
[White "Clark, Domenic"]
[Black "Stawski, Nikolai"]
[Result "0-1"]
[WhiteElo "1729"]
[BlackElo "2067"]
[PlyCount "104"]
[EventDate "2004.04.09"]
[EventType "swiss"]
[EventRounds "7"]
[EventCountry "AUS"]
[SourceTitle "EXT 2005"]
[Source "ChessBase"]
[SourceDate "2004.11.15"]
[SourceVersion "1"]
[SourceVersionDate "2004.11.15"]
[SourceQuality "1"]

1. c4 f5 2. g3 Nf6 3. Bg2 g6 4. Nc3 Bg7 5. d4 0-0 6. Nf3 d6 7. 0-0 Be6 8. Ng5 Bc8 9. Qb3 c6 10. d5 Qc7 11. e4 Na6 12. Re1 Nc5 13. Qc2 h6 14. Nh3 e5 15. f3 fxe4 16. Nxe4 cxd5 17. cxd5 Bf5 18. b4 Qd7 19. bxc5 Nxe4 20. Rxe4 Bxh3 21. Bxh3 Qxh3 22. Rh4 Qf5 23. Qxf5 Rxf5 24. Bxh6 dxc5 25. Bxg7 Kxg7 26. Kg2 Raf8 27. Rf1 Rd8 28. Rd1 Rf7 29. Re4 Kf6 30. Re2 Rfd7 31. Red2 b5 32. Kf2 Ke7 33. Ke3 Kd6 34. Ke4 c4 35. Rb2 a6 36. Rb4 Kc5 37. Rdb1 Rxd5 38. a4 Kc6 39. axb5+ axb5 40. Ra1 Kc5 41. Rab1 Kc6 42. Ra1 c3 43. Rb3 Rc5 44. Rc1 Rd4+ 45. Ke3 b4 46. f4 Kd5 47. fxe5 Kxe5 48. Rc2 Kd5 49. h3 Rc7 50. Rb1 Re7+ 51. Kf3 Rf7+ 52. Ke2 Re4+ 0-1

[Event "Doeberl Cup 42nd"]
[Site "Canberra"]
[Date "2004.04.10"]
[Round "4"]
[White "Lane, Nancy"]
[Black "Clark, Domenic"]
[Result "1-0"]
[WhiteElo "1985"]
[BlackElo "1729"]
[PlyCount "75"]
[EventDate "2004.04.09"]
[EventType "swiss"]
[EventRounds "7"]
[EventCountry "AUS"]
[SourceTitle "EXT 2005"]
[Source "ChessBase"]
[SourceDate "2004.11.15"]
[SourceVersion "1"]
[SourceVersionDate "2004.11.15"]
[SourceQuality "1"]

1. d4 e6 2. Nf3 f5 3. Nbd2 Nf6 4. e3 d5 5. b3 Bd6 6. Bb2 0-0 7. Bd3 c6 8. 0-0 Bd7 9. Ne5 Be8 10. f4 Nbd7 11. Ndf3 Ne4 12. Qe1 Bh5 13. Be2 Qe7 14. a3 Ndf6 15. Qh4 Bxf3 16. gxf3 Qe8 17. fxe4 Nxe4 18. Bf3 Be7 19. Qh3 Rf6 20. Bxe4 fxe4 21. Rf2 Rh6 22. Qg4 Bf6 23. Rg2 Rh4 24. Qg3 Qh5 25. Nd7 Qh6 26. Bc3 Be7 27. Bb4 Rh3 28. Qf2 Bh4 29. Qe2 Re8 30. Rf1 b6 31. Ne5 Rc8 32. Be1 Be7 33. Rg3 Rh5 34. Qg2 c5 35. Bc3 Rc7 36. dxc5 Bxc5 37. Ng4 Qg6 38. Nf6+ 1-0

[Event "Doeberl Cup 42nd"]
[Site "Canberra"]
[Date "2004.04.09"]
[Round "2"]
[White "Pengelley, Justin"]
[Black "Clark, Domenic"]
[Result "1-0"]
[WhiteElo "2053"]
[BlackElo "1729"]
[PlyCount "53"]
[EventDate "2004.04.09"]
[EventType "swiss"]
[EventRounds "7"]
[EventCountry "AUS"]
[SourceTitle "EXT 2005"]
[Source "ChessBase"]
[SourceDate "2004.11.15"]
[SourceVersion "1"]
[SourceVersionDate "2004.11.15"]
[SourceQuality "1"]

1. e4 e6 2. d4 d5 3. Nd2 Nf6 4. e5 Nfd7 5. Bd3 c5 6. c3 Nc6 7. Ngf3 Qb6 8. 0-0 cxd4 9. cxd4 Nxd4 10. Nxd4 Qxd4 11. Nf3 Qb6 12. Qa4 Qb4 13. Qc2 f5 14. exf6 Nxf6 15. Re1 Be7 16. Bg5 Qc5 17. Qe2 0-0 18. Rac1 Qd6 19. Ne5 a6 20. Rc3 Qb6 21. Qc2 Bb4 22. Bxf6 Rxf6 23. Bxh7+ Kh8 24. Rxc8+ Rxc8 25. Qxc8+ Rf8 26. Ng6+ Kxh7 27. Nxf8+ 1-0